000 00608nam a2200193Ia 4500
005 20250508163443.0
008 008 250505s9999 xx 000 0 eng d
037 _aDissertations
040 _aFEDL
_beng
_cFEDL
041 _aeng
_2eng
084 _a371.425, SHA/DI
_qFEDL
100 _aSharma Sushil Kumar
245 0 _aStudy of vocational interest among secondary school students in relation to sex and socio-economic status
260 _c1991
300 _a61p.
546 _aM. Ed. Dissertation (Delhi University)
942 _cDIS
_h371.425, SHA/DI
999 _c1383344
_d1383344